| 000 | 00814cam a2200253 4500 | ||
|---|---|---|---|
| 001 | B3094 | ||
| 008 | 090401t1986 xxu||||| |||| 00| 0 eng d | ||
| 035 | _a(Sirsi) u53946 | ||
| 041 | _aeng | ||
| 050 | _a333.33 | ||
| 090 | _aRICS 1986/76 A | ||
| 110 |
_aConcensus Research _96 |
||
| 245 | 4 | _aThe image of chartered surveyor residential estate agencies | |
| 260 |
_aLondon _bConcensus Research Ltd _c1986 |
||
| 300 | _a55, (37) leaves ; 30cm. | ||
| 350 | _a7 | ||
| 520 | _aProject designed and conducted by Concensus Research in conjunction with McAvoy Wreford Bayley (Communications Consultants) and the RICS. | ||
| 650 | _aABOUT RICS-RICS MEMBERS | ||
| 650 | _aESTATE AGENCY | ||
| 650 | _aMARKET RESEARCH | ||
| 650 | _aROYAL INSTITUTION OF CHARTERED SURVEYORS | ||
| 942 | _n0 | ||
| 948 | _c04/03/1997 | ||
| 999 |
_c93373 _d93373 |
||